|
|
|
|
| LEADER |
00000nta a2200000 i 4500 |
| 001 |
dolg40564 |
| 005 |
20221011100930.0 |
| 008 |
220726s2013 hu om 000 hun d |
| 040 |
|
|
|a BGE Dolgozattár Repozitórium
|b hun
|
| 041 |
|
|
|a hu
|
| 100 |
1 |
|
|a Klagyivik Zsolt
|
| 245 |
1 |
2 |
|a A Consumer Generated Marketing előretörésének új csatornái
|b A bevonódás digitális eszközei
|c Klagyivik Zsolt
|h [elektronikus dokumentum]
|
| 260 |
|
|
|c 2013
|
| 695 |
|
|
|a Digitális gazdaság
|
| 695 |
|
|
|a Online marketing
|
| 700 |
1 |
|
|a Sas István
|e ths
|
| 700 |
1 |
|
|a Somogyi Endre
|e ths
|
| 856 |
4 |
0 |
|u http://dolgozattar.uni-bge.hu/40564/1/D_16404_BXAEW9%20-%20Klagyivik%20Zsolt%20P%C3%A9ter.pdf
|z Dokumentum-elérés
|